Complete physics for Cambridge IGCSE : (Record no. 344420)
[ view plain ]
| 000 -LEADER | |
|---|---|
| fixed length control field | 00904nam a22002297a 4500 |
| 003 - CONTROL NUMBER IDENTIFIER | |
| control field | SISC |
| 005 - DATE AND TIME OF LATEST TRANSACTION | |
| control field | 20171019104014.0 |
| 008 - FIXED-LENGTH DATA ELEMENTS--GENERAL INFORMATION | |
| fixed length control field | 171019b xxu||||| |||| 00| 0 eng d |
| 020 ## - INTERNATIONAL STANDARD BOOK NUMBER | |
| International Standard Book Number | 9780198308775 |
| 050 ## - LIBRARY OF CONGRESS CALL NUMBER | |
| Classification number | CD QC 21.2 |
| Item number | .C712 2015 |
| 100 ## - MAIN ENTRY--PERSONAL NAME | |
| Personal name | Collins, Ian |
| 245 ## - TITLE STATEMENT | |
| Title | Complete physics for Cambridge IGCSE : |
| Remainder of title | teacher resource pack / |
| Statement of responsibility, etc | Ian Collins |
| 250 ## - EDITION STATEMENT | |
| Edition statement | Third edition |
| 260 ## - PUBLICATION, DISTRIBUTION, ETC. (IMPRINT) | |
| Place of publication, distribution, etc | Oxford : |
| Name of publisher, distributor, etc | Oxford University Press, |
| Date of publication, distribution, etc | c2015. |
| 300 ## - PHYSICAL DESCRIPTION | |
| Extent | 1 CD |
| 500 ## - GENERAL NOTE | |
| General note | Accompanying material of the book entitled " Complete physics for Cambridge IGCSE: teacher resource pack" with the barcode 20466. |
| 538 ## - SYSTEM DETAILS NOTE | |
| System details note | PC and MAC compatible version 1.0 |
| 650 ## - SUBJECT ADDED ENTRY--TOPICAL TERM | |
| Source of heading or term | Library of Congress Subject Headings |
| Topical term or geographic name as entry element | Physics |
| General subdivision | Study and teaching (Secondary) |
| Geographic subdivision | Great Britain |
| 650 ## - SUBJECT ADDED ENTRY--TOPICAL TERM | |
| Source of heading or term | Library of Congress Subject Headings |
| Topical term or geographic name as entry element | Physics |
| General subdivision | Study and teaching (Secondary) |
| 942 ## - ADDED ENTRY ELEMENTS (KOHA) | |
| Source of classification or shelving scheme | Library of Congress Classification |
| Koha item type | Audio Visual Materials |
| Withdrawn status | Lost status | Source of classification or shelving scheme | Damaged status | Home library | Current library | Shelving location | Date acquired | Source of acquisition | Sub Shelving location | Total Checkouts | Full call number | Barcode | Date last seen | Price effective from | Koha item type |
|---|---|---|---|---|---|---|---|---|---|---|---|---|---|---|---|
| Library of Congress Classification | Luxembourg Library | Luxembourg Library | Audio Visual Material Section | 10/19/2017 | Library Fund | CD QC 21.2 .C712 2015 | AV1549 | 10/19/2017 | 10/19/2017 | Audio Visual Materials |